| 000 | 00934nam a22002897a 4500 | ||
|---|---|---|---|
| 001 | 5428 | ||
| 003 | FISKH | ||
| 005 | 20241206105228.0 | ||
| 008 | 241206b cb ||||| |||| 00| 0 eng d | ||
| 020 | _a9780590898003 | ||
| 040 |
_aFISKH _beng _cFISKH _dFISKH |
||
| 050 | _aPZ7.W82129 | ||
| 082 | _a813 | ||
| 100 | _aWolff, Virginia Euwer | ||
| 245 |
_aBat 6 / _cby Virginia Euwer Wolff |
||
| 250 | _aFirst Scholastic paperback printing, October 1999 | ||
| 260 |
_aNew York : _bSchoalstic ; _c1998. |
||
| 300 |
_a230 pages : _billustrations ; _c20 cm . |
||
| 505 | _aZ | ||
| 520 | _aIn small town, post-World War Oregon, twenty-one 6th grade girls recount the story of an annual softball game, during which one girl's bigotry comes to the surface. | ||
| 521 | 8 |
_a930
_bLexile |
|
| 521 | 8 |
_aZ
_bRaz-Plus |
|
| 650 |
_aracism _vFiction |
||
| 650 |
_asoftball _vFiction |
||
| 942 |
_2ddc _cBK _n0 |
||
| 999 |
_c5428 _d5428 |
||